| 000 | 00439nam a2200169 a 4500 | ||
|---|---|---|---|
| 001 | 14969 | ||
| 005 | 20180713203532.0 | ||
| 008 | 140415s1994 000 0 eng d | ||
| 020 | _a0814122817 | ||
| 041 | _aeng | ||
| 082 |
_a302.222 _bIMA |
||
| 245 | 0 | 0 | _aIMAGES IN LANGUAGE, MEDIA, AND MIND |
| 250 | _a1a ed. | ||
| 260 |
_a[s.l.] : _bNCTE, _c1994 |
||
| 300 | _a246 | ||
| 650 | 1 | 4 |
_aCOMUNICACION VISUAL _xPSICOLINGUISTICA |
| 999 |
_c14969 _d14969 |
||